Giáo trình côn trùng học đại cương
Trình bày hình thái học côn trùng, sinh lý giải phẩu côn trùng, sinh vật học côn trùng, sinh thái học côn trùng và phân loại côn trùng.
Shranjeno v:
| Glavni avtor: | |
|---|---|
| Format: | Knjiga |
| Jezik: | Undetermined |
| Izdano: |
Hà Nội
Nông nghiệp
2017
|
| Teme: | |
| Oznake: |
Označite
Brez oznak, prvi označite!
|
| Thư viện lưu trữ: | Trung tâm Học liệu Trường Đại học Cần Thơ |
|---|
| LEADER | 00765nam a2200205Ia 4500 | ||
|---|---|---|---|
| 001 | CTU_231011 | ||
| 008 | 210402s9999 xx 000 0 und d | ||
| 020 | |c 125000 | ||
| 082 | |a 632.7 | ||
| 082 | |b H401 | ||
| 100 | |a Trần, Đăng Hòa | ||
| 245 | 0 | |a Giáo trình côn trùng học đại cương | |
| 245 | 0 | |c Trần Đăng Hòa | |
| 260 | |a Hà Nội | ||
| 260 | |b Nông nghiệp | ||
| 260 | |c 2017 | ||
| 520 | |a Trình bày hình thái học côn trùng, sinh lý giải phẩu côn trùng, sinh vật học côn trùng, sinh thái học côn trùng và phân loại côn trùng. | ||
| 650 | |a Côn trùng gây hại,Insect pests | ||
| 910 | |b nthai | ||
| 980 | |a Trung tâm Học liệu Trường Đại học Cần Thơ | ||